| 000 | 00000nam##2200000za#4500 |
| 001 | 9.632082 |
| 003 | CaOODSP |
| 005 | 20250120163352 |
| 007 | cr ||||||||||| |
| 008 | 150407|2005||||xxc|||||o f|0| 0 fre|d |
| 020 | |a0-662-74606-6 |
| 040 | |aCaOODSP|bfre |
| 043 | |an-cn--- |
| 086 | 1 |aCD4-28/3-2005F-PDF |
| 110 | 1 |aCanada.|bAgence canadienne de développement international. |
| 245 | 10|aProgramme Brésil-Canada de promotion de l'équité - PECPE initiatives à long terme. Livret 3 |h[ressource électronique] |
| 260 | |aOttawa - Ontario : |bAgence canadienne de développement international |c2005. |
| 300 | |a15p.|bill. |
| 590 | |a08-02-Supp|b2008-04-07 |
| 691 | 07|aCoopération internationale|2gcpds |
| 691 | 07|aDéveloppement international|2gcpds |
| 691 | 07|aÉquité sociale|2gcpds |
| 691 | 07|aProgramme d'aide|2gcpds |
| 775 | 08|t[Programme Brésil-Canada de promotion de l'équité - PECPE initiatives à long terme. Livret 3] |w(CaOODSP)9.674438 |
| 775 | 08|tBrazil-Canada Equity Promotion Program - KEEP long-term initiatives. Booklet 3 |w(CaOODSP)9.687641 |
| 856 | 40|ahttp://publications.gc.ca|qPDF|s347 Ko|uhttps://publications.gc.ca/collections/collection_2007/cida-acdi/CD4-28-3-2005F.pdf |